Statistics for Sausage Party Characters Quiz

Click here to take the quiz!

General Stats

  • This quiz has been taken 133 times
  • The average score is 10 of 22

Answer Stats

Actor/ActressDescriptionCharacter% Correct
Seth RogenA sausage who is Brenda's boyfriendFrank Wienerton
96%
Kristen WiigA hot dog bun and Frank's girlfriendBrenda Bunson
77%
Michael CeraA deformed sausage with dwarfism who is one of Frank's friendsBarry
65%
Nick KrollThe main antagonist and an evil feminine hygiene product seeking revenge on Frank for breaking his nozzle and preventing him from reaching the Great BeyondDouche
60%
Edward NortonA Jewish Woody Allen-esque bagel who has an on and off rivalry with Kareem Abdul LavashSammy Bagel Jr.
59%
Jonah HillA sausage who is friends with Frank and BarryCarl
58%
Bill HaderAn old Native American bottle of liquor and the leader of the Non-PerishablesFirewater
54%
Danny McBrideA jar of Bickle's Honey Mustard who is returned to Shopwell's and tries to warn Frank of their fate after a shopper mistook him for regular mustardBickle's Honey Mustard
53%
Scott UnderwoodA Stephen Hawking-esque bubble gum wad in a high-tech wheelchair that Barry meets at the Druggie's houseGum
51%
Salma HayekA lesbian taco shell who develops a lustful friendship with BrendaTeresa del Taco
51%
Scott UnderwoodA Twinkie who is one of the Non-PerishablesTwink
48%
David KrumholtzA Middle Eastern lavash who has an on and off rivalry with Sammy Bagel Jr.Kareem Abdul Lavash
47%
Craig RobinsonA box of grits who is one of the Non-Perishables and has a grudge against crackersMr. Grits
42%
James FrancoThe druggie who is the first known human to see the foods as sentient beingsDruggie
41%
Paul RuddThe manager of Shopwell's who is nicknamed the "Dark Lord" as he disposes of expired food and spilled itemsDarren
29%
Anders HolmOne of the sausages packed with Frank who picks on Barry for being deformedTroy
28%
Nicole OliverA hot dog bun that gets squishedSally
24%
Lauren MillerA woman who purchases the foodCamille Toh
23%
Bill HaderA guacamole gangsterEl Guaco
18%
Kelly SheridanA hot dog bunRoberta
14%
Seth RogenA red pepper sergeantSgt. Pepper
12%
Maryke HendrikseA hot dog bunLoretta
5%

Score Distribution

Percentile by Number Answered

Percent of People with Each Score

Your Score History

You have not taken this quiz